[Event "Kingston Easter U1900"]
[Site "Kingston"]
[Date "2019.04.19"]
[Round "2.28"]
[White "Landstrom, William"]
[Black "Xie, Austin"]
[Result "1/2-1/2"]
[WhiteElo "1583"]
[BlackElo "1750"]
[PlyCount "65"]
[EventDate "2019.04.18"]
[EventType "swiss"]
[EventRounds "9"]
[EventCountry "CAN"]
[SourceTitle "EXT 2022"]
[Source "ChessBase"]
[SourceDate "2021.10.06"]
[SourceVersion "1"]
[SourceVersionDate "2021.10.06"]
[SourceQuality "1"]

1. e4 e6 2. d4 d5 3. Nc3 Nf6 4. e5 Nfd7 5. f4 c5 6. Nf3 Nc6 7. Be3 cxd4 8. Nxd4 Bc5 9. Bb5 Qc7 10. Be2 a6 11. Qd2 b5 12. a3 Bb7 13. 0-0 Qb6 14. Rad1 0-0 15. Rf3 Rad8 16. Na2 Rc8 17. c3 Qc7 18. Bd3 g6 19. h4 Nb6 20. Bf2 Nc4 21. Qe2 Qb6 22. Bb1 Nxd4 23. cxd4 Be7 24. h5 Kg7 25. g4 f5 26. exf6+ Bxf6 27. g5 Bd8 28. hxg6 hxg6 29. Qd3 Rf5 30. Qf1 Rf8 31. Qd3 Rf5 32. Qe2 Rf8 33. Qd3 1/2-1/2

[Event "Kingston Easter U1900"]
[Site "Kingston"]
[Date "2019.04.18"]
[Round "1.33"]
[White "Xie, Austin"]
[Black "Dong, Yiwei"]
[Result "1-0"]
[WhiteElo "1750"]
[BlackElo "1595"]
[PlyCount "69"]
[EventDate "2019.04.18"]
[EventType "swiss"]
[EventRounds "9"]
[EventCountry "CAN"]
[SourceTitle "EXT 2022"]
[Source "ChessBase"]
[SourceDate "2021.10.06"]
[SourceVersion "1"]
[SourceVersionDate "2021.10.06"]
[SourceQuality "1"]

1. e4 e6 2. d4 d5 3. Nc3 Nf6 4. e5 Nfd7 5. f4 c5 6. Nf3 Nc6 7. Be3 Qb6 8. Na4 Qa5+ 9. c3 cxd4 10. b4 Qc7 11. Nxd4 Be7 12. Bd3 a6 13. Rc1 b5 14. Nb2 Nb6 15. 0-0 Bb7 16. Qe2 Nc4 17. Nxc4 dxc4 18. Be4 0-0 19. g4 Nxd4 20. Bxd4 Rad8 21. Qe3 Bxe4 22. Qxe4 Qd7 23. Rcd1 Qd5 24. Qe3 Qb7 25. Rf2 h6 26. g5 hxg5 27. fxg5 Rfe8 28. Qf4 Bf8 29. Rf3 g6 30. Rdf1 Rd7 31. Rh3 Bg7 32. Qh4 Kf8 33. Bc5+ Ree7 34. Qf4 Rd5 35. Qxf7# 1-0

[Event "Oakville Winter op U2100"]
[Site "Oakville"]
[Date "2019.01.27"]
[Round "5.13"]
[White "Hasku, Dashnor"]
[Black "Xie, Austin"]
[Result "1-0"]
[WhiteElo "1824"]
[BlackElo "1854"]
[PlyCount "61"]
[EventDate "2019.01.25"]
[EventType "swiss"]
[EventRounds "5"]
[EventCountry "CAN"]
[SourceTitle "EXT 2022"]
[Source "ChessBase"]
[SourceDate "2021.10.06"]
[SourceVersion "1"]
[SourceVersionDate "2021.10.06"]
[SourceQuality "1"]

1. e4 e6 2. d4 d5 3. Nc3 Nf6 4. e5 Nfd7 5. f4 c5 6. Nf3 Nc6 7. Be3 Qb6 8. Rb1 cxd4 9. Nxd4 Bc5 10. Nce2 Qa5+ 11. c3 Nxd4 12. Nxd4 Qxa2 13. Bd3 Nb6 14. 0-0 Nc4 15. Bc1 Bd7 16. b3 Nb6 17. Rf2 Bxd4 18. cxd4 Qa5 19. f5 0-0-0 20. Bd2 Qa3 21. Ra1 Qe7 22. Rxa7 Kb8 23. Qa1 exf5 24. Qa5 Qe6 25. Bxf5 Qc6 26. e6 Bxe6 27. Bf4+ Rd6 28. Rc2 Qd7 29. Qxb6 Bxf5 30. Bxd6+ Qxd6 31. Qxb7# 1-0

[Event "Oakville Winter op U2100"]
[Site "Oakville"]
[Date "2019.01.26"]
[Round "2.13"]
[White "Liu, Harrison"]
[Black "Xie, Austin"]
[Result "1-0"]
[WhiteElo "1745"]
[BlackElo "1854"]
[PlyCount "91"]
[EventDate "2019.01.25"]
[EventType "swiss"]
[EventRounds "5"]
[EventCountry "CAN"]
[SourceTitle "EXT 2022"]
[Source "ChessBase"]
[SourceDate "2021.10.06"]
[SourceVersion "1"]
[SourceVersionDate "2021.10.06"]
[SourceQuality "1"]

1. e4 e6 2. d4 d5 3. Nd2 Nf6 4. e5 Nfd7 5. Bd3 c5 6. c3 Nc6 7. Ne2 c4 8. Bc2 b5 9. 0-0 Bb7 10. f4 Qb6 11. Kh1 a5 12. f5 0-0-0 13. fxe6 fxe6 14. Nf4 Ne7 15. Qg4 g5 16. Qxg5 Rg8 17. Qh5 Ng6 18. Bxg6 hxg6 19. Nxg6 b4 20. Rxf8 Rgxf8 21. Nxf8 Rxf8 22. Qe2 a4 23. a3 bxa3 24. bxa3 Qa5 25. Bb2 Nb8 26. h4 Qd8 27. g3 Nc6 28. Rf1 Rg8 29. Kh2 Ne7 30. Rf6 Nf5 31. Nf1 Qe8 32. Kh3 Rh8 33. Ne3 Nxe3 34. Qxe3 Qh5 35. Qf3 Qxf3 36. Rxf3 Bc6 37. Rf6 Kd7 38. g4 Ke7 39. h5 Be8 40. h6 Rf8 41. g5 Bh5 42. Kh4 Be2 43. g6 Rxf6 44. h7 Rf4+ 45. Kh3 Bf1+ 46. Kg3 1-0

[Event "Scarborough CC Howard Ridout"]
[Site "Toronto"]
[Date "2018.10.25"]
[Round "7.7"]
[White "Xie, Austin"]
[Black "Tavana, Joseph"]
[Result "0-1"]
[WhiteElo "1703"]
[BlackElo "1736"]
[PlyCount "106"]
[EventDate "2018.09.13"]
[EventType "swiss"]
[EventRounds "7"]
[EventCountry "CAN"]
[SourceTitle "EXT 2022"]
[Source "ChessBase"]
[SourceDate "2021.10.06"]
[SourceVersion "1"]
[SourceVersionDate "2021.10.06"]
[SourceQuality "1"]

1. e4 c5 2. Nc3 g6 3. d4 cxd4 4. Qxd4 Nf6 5. f4 Nc6 6. Qd1 Qa5 7. Bd2 Qb6 8. e5 Ng8 9. Nd5 Qd8 10. Bc4 Bg7 11. Nf3 e6 12. Nc3 d5 13. Bd3 a6 14. Rb1 Nge7 15. 0-0 Nb4 16. Be2 0-0 17. Be3 b6 18. a3 Nbc6 19. g4 f6 20. exf6 Bxf6 21. Nd4 Nxd4 22. Bxd4 Nc6 23. Bf2 b5 24. Bc5 Be7 25. Bxe7 Qxe7 26. f5 gxf5 27. gxf5 d4 28. f6 Rxf6 29. Rxf6 Qxf6 30. Ne4 Qg6+ 31. Ng3 e5 32. Bd3 Qg4 33. Be4 Qxd1+ 34. Rxd1 Bd7 35. Nh5 Rf8 36. Rf1 Rxf1+ 37. Kxf1 Nb8 38. Nf6+ Kg7 39. Nxh7 Bc6 40. Ng5 Bxe4 41. Nxe4 Kg6 42. Kg2 Nd7 43. Kf3 Kf5 44. h4 Nf8 45. Ng3+ Ke6 46. Kg4 a5 47. h5 b4 48. axb4 axb4 49. b3 Nh7 50. Ne4 Nf6+ 51. Nxf6 Kxf6 52. h6 e4 53. Kf4 e3 0-1

[Event "Newmarket Aurora Fall op U2000"]
[Site "Newmarket"]
[Date "2018.10.20"]
[Round "1"]
[White "Armstrong, Robert J"]
[Black "Xie, Austin"]
[Result "0-1"]
[WhiteElo "1519"]
[BlackElo "1686"]
[PlyCount "76"]
[EventDate "2018.10.20"]
[EventType "swiss"]
[EventRounds "5"]
[EventCountry "CAN"]
[SourceTitle "EXT 2022"]
[Source "ChessBase"]
[SourceDate "2021.10.06"]
[SourceVersion "1"]
[SourceVersionDate "2021.10.06"]
[SourceQuality "1"]

1. d4 d5 2. Nf3 Nf6 3. e3 c5 4. c4 Nc6 5. Bd3 Bg4 6. dxc5 e5 7. h3 Bxf3 8. gxf3 Bxc5 9. Rg1 Rg8 10. cxd5 Qxd5 11. Nc3 Bb4 12. e4 Qd4 13. Qc2 0-0-0 14. Bb5 Qc5 15. Bxc6 Qxc6 16. Bd2 Nd7 17. 0-0-0 Nc5 18. Nd5 Bxd2+ 19. Rxd2 Rd7 20. Rgd1 Na4 21. Nf6 Rxd2 22. Qxc6+ bxc6 23. Nxg8 Rxd1+ 24. Kxd1 Kd7 25. Kc2 Ke8 26. Kb3 Nb6 27. Kb4 Kf8 28. Nh6 gxh6 29. Kc5 Na4+ 30. Kxc6 Nxb2 31. Kb5 Ke7 32. a4 Nxa4 33. Kxa4 Kf6 34. h4 Kg6 35. Ka5 Kh5 36. Ka6 Kxh4 37. Kxa7 Kg5 38. Kb6 h5 0-1

[Event "Scarborough CC Howard Ridout"]
[Site "Toronto"]
[Date "2018.09.20"]
[Round "2.2"]
[White "Southam, David"]
[Black "Xie, Austin"]
[Result "1-0"]
[WhiteElo "2083"]
[BlackElo "1703"]
[PlyCount "99"]
[EventDate "2018.09.13"]
[EventType "swiss"]
[EventRounds "7"]
[EventCountry "CAN"]
[SourceTitle "EXT 2022"]
[Source "ChessBase"]
[SourceDate "2021.10.06"]
[SourceVersion "1"]
[SourceVersionDate "2021.10.06"]
[SourceQuality "1"]

1. d4 d5 2. c4 e6 3. Nf3 Nf6 4. g3 c6 5. Nbd2 Nbd7 6. Bg2 Bd6 7. 0-0 0-0 8. b3 Re8 9. Bb2 Nf8 10. Qc2 Ng6 11. e4 dxe4 12. Nxe4 Nxe4 13. Qxe4 Qd7 14. Rad1 f6 15. Ne5 Bxe5 16. dxe5 Qe7 17. Rd2 f5 18. Qe3 Bd7 19. Rd6 Red8 20. Rfd1 Nf8 21. Ba3 Qf7 22. R6d3 Ng6 23. f4 Rac8 24. Qd2 Rc7 25. Bd6 Rcc8 26. Bc5 b6 27. Bxb6 axb6 28. Rxd7 Rxd7 29. Qxd7 Rc7 30. Qxf7+ Kxf7 31. Kf2 Ne7 32. Ke3 Ra7 33. Rd2 Ra3 34. Kd4 c5+ 35. Kc3 h6 36. Kb2 Ra6 37. Rd6 Nc8 38. Rd7+ Ne7 39. Rb7 g5 40. Bf3 Kf8 41. Rb8+ Kg7 42. Bh5 gxf4 43. gxf4 Nc6 44. Rb7+ Kh8 45. a3 Nd4 46. b4 Kg8 47. Bd1 cxb4 48. axb4 Kf8 49. b5 Ra5 50. Rxb6 1-0

[Event "CAN-ch U20 U1800"]
[Site "Toronto"]
[Date "2018.08.12"]
[Round "9.14"]
[White "Wang, Eric1111"]
[Black "Xie, Austin"]
[Result "1/2-1/2"]
[WhiteElo "1677"]
[BlackElo "1590"]
[PlyCount "83"]
[EventDate "2018.08.08"]
[EventType "swiss"]
[EventRounds "9"]
[EventCountry "CAN"]
[SourceTitle "EXT 2022"]
[Source "ChessBase"]
[SourceDate "2021.10.06"]
[SourceVersion "1"]
[SourceVersionDate "2021.10.06"]
[SourceQuality "1"]

1. c4 e5 2. Nc3 Nf6 3. Nf3 Nc6 4. d4 exd4 5. Nxd4 Bb4 6. Nxc6 dxc6 7. Qxd8+ Kxd8 8. Bd2 Be6 9. e3 Ke7 10. a3 Bd6 11. Be2 Nd7 12. Ne4 Be5 13. Bb4+ Bd6 14. Nxd6 cxd6 15. 0-0-0 c5 16. Bc3 f6 17. b3 Rab8 18. Kc2 Rhd8 19. a4 Ne5 20. Bxe5 dxe5 21. Bf3 b6 22. Bd5 Bxd5 23. Rxd5 Rxd5 24. cxd5 Kd6 25. Rd1 a5 26. Kc3 Rd8 27. Kc4 Kc7 28. Rd3 e4 29. Rd2 Rd6 30. f3 exf3 31. gxf3 g5 32. Rg2 h6 33. Rg4 Kd8 34. h3 Kc7 35. Rg2 Kb7 36. f4 Rd7 37. fxg5 hxg5 38. Rf2 Rd6 39. Rg2 Rd7 40. e4 Rh7 41. Rg3 Rh4 42. Kd3 1/2-1/2

[Event "CAN-ch U20 U1800"]
[Site "Toronto"]
[Date "2018.08.10"]
[Round "5.14"]
[White "Wang, Andrew2222"]
[Black "Xie, Austin"]
[Result "0-1"]
[WhiteElo "1452"]
[BlackElo "1590"]
[PlyCount "102"]
[EventDate "2018.08.08"]
[EventType "swiss"]
[EventRounds "9"]
[EventCountry "CAN"]
[SourceTitle "EXT 2022"]
[Source "ChessBase"]
[SourceDate "2021.10.06"]
[SourceVersion "1"]
[SourceVersionDate "2021.10.06"]
[SourceQuality "1"]

1. e4 e5 2. Nf3 Nc6 3. Bc4 Nf6 4. d3 Bc5 5. 0-0 d6 6. h3 h6 7. Nc3 g5 8. Nh2 Rg8 9. Ng4 Nxg4 10. hxg4 Be6 11. Bd5 Qd7 12. Bxe6 fxe6 13. Na4 Bb6 14. Nxb6 axb6 15. c3 0-0-0 16. Bd2 Ne7 17. a4 Ng6 18. g3 d5 19. exd5 exd5 20. a5 bxa5 21. Rxa5 c6 22. Be3 d4 23. cxd4 exd4 24. Bd2 b6 25. Ra6 Kb7 26. Ra3 Ne5 27. f3 h5 28. Re1 Qd5 29. Re4 hxg4 30. fxg4 Rdf8 31. Kg2 Nxd3 32. Rxd3 Qxe4+ 33. Rf3 Rxf3 34. Qxf3 Qxf3+ 35. Kxf3 c5 36. Ke4 Kc6 37. Kf5 b5 38. Bxg5 Rxg5+ 39. Kxg5 d3 40. Kf6 d2 41. g5 d1Q 42. g6 Qd8+ 43. Kf7 Kd6 44. g7 Qe7+ 45. Kg6 Qe8+ 46. Kh7 Qh5+ 47. Kg8 Ke6 48. g4 Qxg4 49. Kf8 Qf5+ 50. Kg8 Qg6 51. b3 Kf6 0-1

[Event "CAN-ch U20 U1800"]
[Site "Toronto"]
[Date "2018.08.09"]
[Round "3.23"]
[White "Shi, Michael"]
[Black "Xie, Austin"]
[Result "0-1"]
[WhiteElo "1486"]
[BlackElo "1590"]
[PlyCount "72"]
[EventDate "2018.08.08"]
[EventType "swiss"]
[EventRounds "9"]
[EventCountry "CAN"]
[SourceTitle "EXT 2022"]
[Source "ChessBase"]
[SourceDate "2021.10.06"]
[SourceVersion "1"]
[SourceVersionDate "2021.10.06"]
[SourceQuality "1"]

1. c4 e5 2. e4 Nf6 3. d3 c6 4. Nc3 Bb4 5. Bd2 d6 6. a3 Ba5 7. Nf3 Bg4 8. Be2 Nbd7 9. 0-0 h6 10. h3 Be6 11. d4 Bxc3 12. Bxc3 Nxe4 13. dxe5 Nxc3 14. bxc3 Nxe5 15. Nd4 0-0 16. f4 Qb6 17. Kh1 Nxc4 18. Nxe6 Ne3 19. Qxd6 Nxf1 20. Rxf1 fxe6 21. Qxe6+ Kh8 22. Bd3 Rf6 23. Qe4 g6 24. Qe5 Qd8 25. Bxg6 Qd6 26. Qxd6 Rxd6 27. f5 Rf8 28. Rb1 b6 29. a4 Kg7 30. a5 b5 31. c4 bxc4 32. Rb7+ Kf6 33. Rb4 Rd4 34. Kh2 Rfd8 35. Rb2 c3 36. Rc2 Rc4 0-1

[Event "CAN-ch U12"]
[Site "Quebec"]
[Date "2018.07.05"]
[Round "7.68"]
[White "Xie, Austin"]
[Black "Ran, Xiaoyu"]
[Result "1/2-1/2"]
[WhiteElo "1494"]
[BlackElo "1741"]
[PlyCount "123"]
[EventDate "2018.07.02"]
[EventType "swiss"]
[EventRounds "7"]
[EventCountry "CAN"]
[SourceTitle "EXT 2022"]
[Source "ChessBase"]
[SourceDate "2021.10.06"]
[SourceVersion "1"]
[SourceVersionDate "2021.10.06"]
[SourceQuality "1"]

1. e4 e5 2. Nf3 Nc6 3. Bc4 Nf6 4. d3 Bc5 5. Nc3 a6 6. Bg5 h6 7. Bh4 d6 8. Nd5 g5 9. Nxg5 Nxd5 10. Qh5 Qf6 11. Nf3 Qg7 12. Bxd5 Bg4 13. Bxf7+ Kf8 14. Qg6 Qxg6 15. Bxg6 Rg8 16. Bf5 Bxf3 17. gxf3 Nd4 18. 0-0-0 Nxf3 19. Bg3 h5 20. h4 Nd4 21. Kb1 Nxf5 22. exf5 Ke7 23. c3 Raf8 24. d4 exd4 25. cxd4 Bb6 26. Kc2 Rxf5 27. Rhe1+ Kd7 28. Re4 Re8 29. Rde1 Rxe4 30. Rxe4 d5 31. Re5 Rxe5 32. Bxe5 c6 33. Kd3 Bd8 34. Bg3 Ke6 35. f3 Be7 36. Ke3 Kf5 37. Kd3 Bf8 38. Ke3 Bh6+ 39. Kd3 Bf4 40. Bf2 Bd6 41. Be3 Bg3 42. Bg5 Bf4 43. Be7 Ke6 44. Bg5 Kf5 45. Be7 Bh2 46. Bg5 Bd6 47. Be3 b6 48. b3 c5 49. Bg5 Ke6 50. Bd8 Be7 51. Bxb6 cxd4 52. Bxd4 Bxh4 53. Bg1 Bg3 54. Ke2 h4 55. Bd4 h3 56. Kf1 Kf5 57. a4 Kf4 58. Kg1 Kxf3 59. b4 Bb8 60. b5 Ke4 61. Bc3 Ba7+ 62. Kh2 1/2-1/2

[Event "CAN-ch U12"]
[Site "Quebec"]
[Date "2018.07.03"]
[Round "3.79"]
[White "Odrich, Evan"]
[Black "Xie, Austin"]
[Result "0-1"]
[WhiteElo "848"]
[BlackElo "1494"]
[PlyCount "106"]
[EventDate "2018.07.02"]
[EventType "swiss"]
[EventRounds "7"]
[EventCountry "CAN"]
[SourceTitle "EXT 2022"]
[Source "ChessBase"]
[SourceDate "2021.10.06"]
[SourceVersion "1"]
[SourceVersionDate "2021.10.06"]
[SourceQuality "1"]

1. e4 e5 2. Nf3 Nc6 3. Nc3 Nf6 4. Be2 Bc5 5. Nxe5 Nxe5 6. d4 Bxd4 7. Qxd4 d6 8. 0-0 Bd7 9. f4 Nc6 10. Qe3 Qe7 11. Nd5 Nxd5 12. exd5 Qxe3+ 13. Bxe3 Nb4 14. Rad1 Nxc2 15. Bf2 Nb4 16. a3 Na6 17. b4 0-0 18. Rfe1 Nb8 19. Bd4 f5 20. Rd3 g6 21. Bh5 Re8 22. Rxe8+ Bxe8 23. Rg3 Bf7 24. Kf2 Bxd5 25. Bf3 Bxf3 26. Rxf3 Nc6 27. Bf6 Re8 28. b5 Ne7 29. Re3 Kf7 30. Bg5 Nd5 31. Rh3 h5 32. Kf3 Re3+ 33. Kf2 Rxh3 34. gxh3 Nc3 35. Bd8 Nxb5 36. a4 Nc3 37. Bxc7 Nxa4 38. Bxd6 b5 39. Kg3 Nc3 40. Kh4 a5 41. Kg3 Ne4+ 42. Kf3 Nxd6 43. Ke3 b4 44. Kd2 a4 45. Kc1 b3 46. Kb2 Nc4+ 47. Ka1 a3 48. Kb1 b2 49. Kc2 a2 50. Kb3 b1Q+ 51. Kxc4 a1R 52. Kd4 Qb4+ 53. Ke5 Ra5# 0-1

[Event "Aurora Spring op U2000"]
[Site "Aurora"]
[Date "2018.03.24"]
[Round "3.5"]
[White "Xie, Austin"]
[Black "O'Sullivan, Patrick"]
[Result "0-1"]
[WhiteElo "1522"]
[BlackElo "1744"]
[PlyCount "122"]
[EventDate "2018.03.24"]
[EventType "swiss"]
[EventRounds "5"]
[EventCountry "CAN"]
[SourceTitle "EXT 2022"]
[Source "ChessBase"]
[SourceDate "2021.10.06"]
[SourceVersion "1"]
[SourceVersionDate "2021.10.06"]
[SourceQuality "1"]

1. e4 c6 2. d4 d5 3. exd5 cxd5 4. Bd3 Nc6 5. c3 Nf6 6. Nf3 Bg4 7. Nbd2 e6 8. Nf1 Bd6 9. Bg5 a6 10. Ne3 Bh5 11. 0-0 b5 12. a4 b4 13. Be2 0-0 14. Qd2 Ne4 15. Bxd8 Nxd2 16. Nxd2 Bxe2 17. Rfe1 Rfxd8 18. Rxe2 Rac8 19. Nb1 Rc7 20. Nc2 Rdc8 21. Rd2 Na5 22. Rd1 Nc4 23. Nxb4 Bxb4 24. cxb4 Nxb2 25. Rf1 Rc4 26. b5 axb5 27. axb5 Rxd4 28. Na3 g6 29. Rfb1 Rb4 30. h3 Kf8 31. Ra2 Nd3 32. Rxb4 Nxb4 33. Rb2 Nd3 34. Rb1 Ke7 35. b6 Kd7 36. Nb5 Rb8 37. Nd4 Rb7 38. Nb3 Kd6 39. Na5 Rb8 40. Kf1 Ne5 41. Ke2 Nc6 42. Nxc6 Kxc6 43. Kd3 Rxb6 44. Rxb6+ Kxb6 45. Kd4 f6 46. f4 Kc6 47. g4 Kd6 48. h4 e5+ 49. fxe5+ fxe5+ 50. Kd3 Kc5 51. h5 gxh5 52. gxh5 Kd6 53. h6 Ke6 54. Ke3 Kf5 55. Kd3 Kf4 56. Ke2 Ke4 57. Kd2 Kf3 58. Ke1 Ke3 59. Kd1 Kf2 60. Kd2 e4 61. Kd1 e3 0-1

[Event "Aurora Spring op U2000"]
[Site "Aurora"]
[Date "2018.03.24"]
[Round "2.10"]
[White "Xie, Austin"]
[Black "Xiao, Edward1111"]
[Result "1-0"]
[WhiteElo "1522"]
[BlackElo "1510"]
[PlyCount "91"]
[EventDate "2018.03.24"]
[EventType "swiss"]
[EventRounds "5"]
[EventCountry "CAN"]
[SourceTitle "EXT 2022"]
[Source "ChessBase"]
[SourceDate "2021.10.06"]
[SourceVersion "1"]
[SourceVersionDate "2021.10.06"]
[SourceQuality "1"]

1. e4 c5 2. Nc3 Nc6 3. f4 d6 4. Nf3 Bg4 5. Bb5 Qc7 6. 0-0 a6 7. Bxc6+ Qxc6 8. d4 g6 9. Be3 b6 10. dxc5 bxc5 11. h3 Bxf3 12. Rxf3 Bg7 13. Qd3 Nf6 14. Rb1 0-0 15. Nd5 Nxd5 16. exd5 Qb5 17. c4 Qa4 18. a3 Rab8 19. Bc1 Rb7 20. b3 Qd7 21. b4 Rfb8 22. Bd2 Bd4+ 23. Kh1 Kf8 24. Rff1 Kg8 25. f5 Kg7 26. fxg6 hxg6 27. Qf3 Rf8 28. bxc5 dxc5 29. Be3 Bxe3 30. Qxe3 Rxb1 31. Rxb1 Qd6 32. Rb7 Re8 33. a4 Kf8 34. a5 Kg7 35. Rb6 Qc7 36. Rxa6 Rb8 37. Qc3+ Kg8 38. Qe1 Qf4 39. Rb6 Rxb6 40. axb6 Qd6 41. b7 Kf8 42. Qb1 Qb8 43. Qb5 f6 44. Qd7 Qe5 45. Qc8+ Kf7 46. b8Q 1-0

[Event "Ontario-ch U20 U1800"]
[Site "Mississauga"]
[Date "2018.01.28"]
[Round "5"]
[White "Ma, Andrew"]
[Black "Xie, Austin"]
[Result "1-0"]
[WhiteElo "1486"]
[BlackElo "1497"]
[PlyCount "47"]
[EventDate "2018.01.27"]
[EventType "swiss"]
[EventRounds "5"]
[EventCountry "CAN"]
[SourceTitle "EXT 2022"]
[Source "ChessBase"]
[SourceDate "2021.10.06"]
[SourceVersion "1"]
[SourceVersionDate "2021.10.06"]
[SourceQuality "1"]

1. e4 e5 2. Nf3 Nc6 3. Bc4 Bc5 4. b4 Bxb4 5. c3 Ba5 6. d4 exd4 7. 0-0 Nge7 8. cxd4 d6 9. Ng5 d5 10. exd5 Nxd5 11. Nxf7 Kxf7 12. Qf3+ Qf6 13. Bxd5+ Ke8 14. Bxc6+ Qxc6 15. Qh5+ g6 16. Qe5+ Kd7 17. Qxh8 b6 18. Qxh7+ Kd6 19. Qxg6+ Be6 20. Bf4+ Kd7 21. Rc1 Qa4 22. Rxc7+ Kd8 23. Qf6+ Ke8 24. Qe7# 1-0

[Event "Canadian op U1800"]
[Site "Sault Ste Marie"]
[Date "2017.07.16"]
[Round "9.41"]
[White "Xie, Austin"]
[Black "Sharma, Vishruth"]
[Result "1-0"]
[WhiteElo "1348"]
[BlackElo "1719"]
[PlyCount "103"]
[EventDate "2017.07.08"]
[EventType "swiss"]
[EventRounds "9"]
[EventCountry "CAN"]
[SourceTitle "EXT 2022"]
[Source "ChessBase"]
[SourceDate "2021.10.06"]
[SourceVersion "1"]
[SourceVersionDate "2021.10.06"]
[SourceQuality "1"]

1. d4 Nf6 2. c4 g6 3. Nc3 Bg7 4. Nf3 0-0 5. e3 d6 6. e4 e5 7. d5 Nbd7 8. Bd3 Nc5 9. Bc2 a5 10. Qe2 Bd7 11. Nd2 Nh5 12. Nf1 Qh4 13. Be3 Nf4 14. Bxf4 Qxf4 15. Qe3 Qh4 16. g3 Qh3 17. f3 Qg2 18. Qf2 Qxh1 19. 0-0-0 Bh6+ 20. Nd2 Qxd1+ 21. Kxd1 f5 22. Qe2 fxe4 23. Ndxe4 Nxe4 24. Nxe4 b6 25. h4 Rf7 26. g4 Raf8 27. g5 Bg7 28. Nd2 Rf4 29. Qh2 Rd4 30. Be4 Bf5 31. Ke2 Bxe4 32. fxe4 Rf4 33. Qh3 Bf8 34. b3 Kg7 35. Qd7+ Rf7 36. Qe6 Be7 37. Qg4 Bf8 38. Nf3 Rf4 39. Qxf4 exf4 40. Nxd4 Be7 41. Ne6+ Kf7 42. Nxc7 Bd8 43. Ne6 Ke7 44. Nxd8 Kxd8 45. Kf3 Ke7 46. Kxf4 Kf7 47. e5 Ke7 48. exd6+ Kxd6 49. Ke4 Kd7 50. Ke5 Ke7 51. d6+ Kd7 52. Kd5 1-0

[Event "Canadian op U1800"]
[Site "Sault Ste Marie"]
[Date "2017.07.14"]
[Round "7.45"]
[White "Xie, Austin"]
[Black "McGilly, Craig"]
[Result "1-0"]
[WhiteElo "1348"]
[BlackElo "1524"]
[PlyCount "157"]
[EventDate "2017.07.08"]
[EventType "swiss"]
[EventRounds "9"]
[EventCountry "CAN"]
[SourceTitle "EXT 2022"]
[Source "ChessBase"]
[SourceDate "2021.10.06"]
[SourceVersion "1"]
[SourceVersionDate "2021.10.06"]
[SourceQuality "1"]

1. e4 a6 2. d4 b5 3. Bf4 Bb7 4. Bd3 e6 5. Nd2 c5 6. c3 Nf6 7. Ngf3 Nc6 8. Rc1 Ne7 9. dxc5 Ng6 10. Be3 Qc7 11. b4 Be7 12. h3 Bc6 13. Nd4 Bb7 14. 0-0 Nf4 15. Bb1 h6 16. Qf3 g5 17. Ne2 Ng6 18. Qg3 Qe5 19. Qxe5 Nxe5 20. Bd4 Ng6 21. f3 Nf4 22. Nxf4 gxf4 23. Kf2 Rg8 24. c4 Nh5 25. cxb5 axb5 26. Nb3 Bh4+ 27. Kg1 Ke7 28. Rfd1 Ng3 29. Rd2 Bc6 30. Na5 Rac8 31. Rcd1 Rg5 32. Bf2 Rc7 33. Nxc6+ dxc6 34. Bd3 e5 35. Bf1 f5 36. Bxg3 fxg3 37. exf5 Rxf5 38. Bd3 Rf4 39. Be4 Bg5 40. Rb2 Rf8 41. Rd3 Rd8 42. Kf1 Rd4 43. Ke2 Kd8 44. Rxd4+ exd4 45. Kd3 Be3 46. Rb3 Kc8 47. Ra3 Kb7 48. Ra5 Kb8 49. Ra6 Ra7 50. Rb6+ Kc8 51. Rxc6+ Kd8 52. Bd5 Ra3+ 53. Bb3 Ra7 54. Rg6 Bf4 55. Rg8+ Kc7 56. Rg7+ Kb8 57. Rxa7 Kxa7 58. Kxd4 Bd2 59. a4 bxa4 60. Bxa4 Bxb4 61. c6 Bd6 62. Kd5 Bc7 63. Ke6 Kb6 64. Kd7 Bb8 65. Bc2 Bf4 66. Be4 Be5 67. Ke6 Bf4 68. Kf5 Be3 69. f4 Kc7 70. Ke5 Bc1 71. f5 Ba3 72. Ke6 Kd8 73. f6 Bc5 74. f7 Bf8 75. Kf6 Kc7 76. Kg6 Kd8 77. Kh7 h5 78. Kg8 Bc5 79. f8Q+ 1-0

[Event "Canadian op U1800"]
[Site "Sault Ste Marie"]
[Date "2017.07.13"]
[Round "5.49"]
[White "Gillanders, Robert"]
[Black "Xie, Austin"]
[Result "0-1"]
[WhiteElo "1771"]
[BlackElo "1348"]
[PlyCount "116"]
[EventDate "2017.07.08"]
[EventType "swiss"]
[EventRounds "9"]
[EventCountry "CAN"]
[SourceTitle "EXT 2022"]
[Source "ChessBase"]
[SourceDate "2021.10.06"]
[SourceVersion "1"]
[SourceVersionDate "2021.10.06"]
[SourceQuality "1"]

1. d4 d5 2. c4 e6 3. Nf3 Nf6 4. g3 c6 5. Bg2 Nbd7 6. 0-0 b6 7. cxd5 cxd5 8. Nc3 Ba6 9. Re1 Bb7 10. Qa4 a6 11. Bf4 b5 12. Qb3 Nb6 13. Nxb5 axb5 14. Qxb5+ Nfd7 15. Ne5 Ba6 16. Qb3 Nxe5 17. Bxe5 Bc4 18. Qc2 f6 19. Bf4 Bd6 20. e4 Bxf4 21. gxf4 0-0 22. b3 Ba6 23. Qc6 Re8 24. Qc3 dxe4 25. Bxe4 Nd5 26. Qd2 Rc8 27. Rac1 Qd6 28. Bxd5 Qxd5 29. Qe3 Bb7 30. f3 Rxc1 31. Rxc1 Qxf3 32. Qxf3 Bxf3 33. Kf2 Bd5 34. Ke3 Ra8 35. Rc2 f5 36. Rb2 Kf7 37. Kd2 Kg6 38. Kc3 Kh5 39. Kb4 Kg4 40. Rf2 g5 41. fxg5 Kxg5 42. h4+ Kg4 43. Rc2 Kxh4 44. Rh2+ Kg3 45. Rxh7 Rxa2 46. Rg7+ Kf4 47. Rh7 Ke4 48. Kc3 Ra3 49. Rh4+ f4 50. Kc2 Rxb3 51. Rh1 f3 52. Rh4+ Ke3 53. Kd1 Rd3+ 54. Kc2 Rxd4 55. Rh3 Ke2 56. Kc3 Rc4+ 57. Kb2 f2 58. Rh2 Ke1 0-1

[Event "Canadian op U1800"]
[Site "Sault Ste Marie"]
[Date "2017.07.13"]
[Round "6.47"]
[White "Kilroy, Evan"]
[Black "Xie, Austin"]
[Result "1/2-1/2"]
[WhiteElo "1592"]
[BlackElo "1348"]
[PlyCount "74"]
[EventDate "2017.07.08"]
[EventType "swiss"]
[EventRounds "9"]
[EventCountry "CAN"]
[SourceTitle "EXT 2022"]
[Source "ChessBase"]
[SourceDate "2021.10.06"]
[SourceVersion "1"]
[SourceVersionDate "2021.10.06"]
[SourceQuality "1"]

1. e4 e6 2. d4 d5 3. exd5 exd5 4. Bd3 Bd6 5. Nf3 Nf6 6. 0-0 0-0 7. Bg5 Bg4 8. Nbd2 Nbd7 9. c3 c5 10. Qc2 h6 11. Bh4 Qc7 12. Bg3 Bxg3 13. fxg3 Rfe8 14. Rae1 Rxe1 15. Rxe1 Re8 16. Rxe8+ Nxe8 17. Nh4 Ndf6 18. Nf5 Nd6 19. Nxd6 Qxd6 20. Bf5 Qe7 21. Kf2 Qe2+ 22. Kg1 Qe1+ 23. Nf1 Be2 24. Qb1 Qxb1 25. Bxb1 Ne4 26. Bxe4 dxe4 27. Nd2 f5 28. Kf2 Bh5 29. Nc4 b5 30. Nd6 Bg6 31. Nc8 Be8 32. Ne7+ Kf7 33. Nxf5 Bd7 34. Nd6+ Ke6 35. Nxe4 Kd5 36. Ke3 Bf5 37. Nd2 c4 1/2-1/2